[Event "Campeonato del Mundo sub-20 2010 Fem."]
[Site "Chotowa-Czarna, Poland"]
[Date "2010.08.07"]
[Round "5.32"]
[White "Correa, Jaqueline Pamplona"]
[Black "Petrova, Irina"]
[Result "0-1"]
[WhiteElo "1928"]
[BlackElo "2014"]
[PlyCount "94"]
[EventDate "2010.08.03"]
[EventType "swiss"]
[EventRounds "13"]
[EventCountry "POL"]
[Source "lmi"]
[SourceDate "2010.08.03"]

1. e4 c5 2. Nf3 d6 3. d4 cxd4 4. Nxd4 Nf6 5. Nc3 g6 6. f3 Bg7 7. Be3 Nc6 8. Bc4
O-O 9. Qd2 Bd7 10. O-O-O Ne5 11. Bb3 Rc8 12. h4 h5 13. Bg5 Rc5 14. g4 hxg4 15.
h5 Nxh5 16. Nd5 Re8 17. Nf4 Qa5 18. Nxg6 Qxd2+ 19. Rxd2 Nxg6 20. Rxh5 Nf4 21.
Bxf4 Rxh5 22. Be3 gxf3 23. Nxf3 Rh1+ 24. Ng1 Rxg1+ 25. Bxg1 Bh6 26. Bxa7 Bc6
27. Bd5 Bxd5 28. exd5 Ra8 29. Bd4 Rxa2 30. Kd1 Bxd2 31. Kxd2 f5 32. c4 Kf7 33.
Ke3 e5 34. dxe6+ Kxe6 35. Kd3 Ra1 36. b4 Rd1+ 37. Ke3 d5 38. cxd5+ Kxd5 39. Bc5
Kc4 40. Kf4 Rf1+ 41. Ke3 f4+ 42. Ke2 Rb1 43. Bd6 Rxb4 44. Bxf4 b5 45. Be5 Kb3
46. Kd2 Rc4 47. Kd3 Rc8 0-1

[Event "Campeonato del Mundo sub-20 2010 Fem."]
[Site "Chotowa-Czarna, Poland"]
[Date "2010.08.07"]
[Round "5.33"]
[White "Ursente, Maria-eugenia"]
[Black "Cyboran, Katarzyna"]
[Result "0-1"]
[WhiteElo "1978"]
[BlackElo "1777"]
[PlyCount "68"]
[EventDate "2010.08.03"]
[EventType "swiss"]
[EventRounds "13"]
[EventCountry "POL"]
[Source "lmi"]
[SourceDate "2010.08.03"]

1. c4 e5 2. g3 Nc6 3. Bg2 f5 4. Nc3 Nf6 5. d3 d6 6. e3 g6 7. Nge2 Bg7 8. O-O
O-O 9. Rb1 a5 10. a3 Be6 11. Nd5 Rb8 12. Nec3 Ne7 13. b4 axb4 14. axb4 c6 15.
Nxe7+ Qxe7 16. Qe2 Nh5 17. Re1 Qf7 18. Bd2 Rbe8 19. Bf3 Nf6 20. e4 f4 21. g4 g5
22. b5 h5 23. h3 Qd7 24. bxc6 bxc6 25. Na4 hxg4 26. hxg4 Bxg4 27. Bxg4 Nxg4 28.
f3 Nh6 29. Rf1 Rf6 30. c5 g4 31. Kf2 dxc5 32. Ke1 Qd4 33. Nc3 g3 34. Ra1 Rd8
0-1

[Event "Campeonato del Mundo sub-20 2010 Fem."]
[Site "Chotowa-Czarna, Poland"]
[Date "2010.08.07"]
[Round "5.34"]
[White "Oliver, Tamzin L"]
[Black "Lis, Marcelina"]
[Result "1/2-1/2"]
[WhiteElo "1737"]
[BlackElo "1905"]
[PlyCount "45"]
[EventDate "2010.08.03"]
[EventType "swiss"]
[EventRounds "13"]
[EventCountry "POL"]
[Source "lmi"]
[SourceDate "2010.08.03"]

1. e4 c5 2. Nc3 e6 3. f4 a6 4. a4 Nc6 5. Bc4 d6 6. d3 Nf6 7. Nf3 Qc7 8. O-O b6
9. Qe1 Be7 10. Qg3 O-O 11. f5 exf5 12. Ng5 Ne5 13. exf5 Nxc4 14. dxc4 Bb7 15.
b3 Qc6 16. Nf3 Rfe8 17. Bb2 Bf8 18. Rad1 Rad8 19. Nd5 Ne4 20. Qh4 Qd7 21. Ng5
Nxg5 22. Qxg5 Bxd5 23. Rxd5 1/2-1/2

[Event "Campeonato del Mundo sub-20 2010 Fem."]
[Site "Chotowa-Czarna, Poland"]
[Date "2010.08.07"]
[Round "5.35"]
[White "Jablonska, Sabina"]
[Black "Gora, Antonina"]
[Result "1-0"]
[WhiteElo "1876"]
[BlackElo "1579"]
[PlyCount "75"]
[EventDate "2010.08.03"]
[EventType "swiss"]
[EventRounds "13"]
[EventCountry "POL"]
[Source "lmi"]
[SourceDate "2010.08.03"]

1. e4 c5 2. Nf3 d6 3. d4 cxd4 4. Nxd4 Nf6 5. Nc3 a6 6. Bg5 e6 7. f4 Be7 8. Qf3
Nbd7 9. O-O-O Qc7 10. g4 h6 11. Bxf6 Bxf6 12. h4 Qb6 13. Nce2 Nc5 14. g5 Be7
15. Nc3 Bd7 16. Rg1 O-O-O 17. f5 hxg5 18. hxg5 Kb8 19. Bc4 Rdf8 20. Qe3 e5 21.
Nd5 exd4 22. Qxd4 Qd8 23. f6 gxf6 24. gxf6 Bxf6 25. Nxf6 Bc6 26. e5 dxe5 27.
Qxe5+ Qc7 28. Qxc5 Qf4+ 29. Kb1 Qxf6 30. Bxa6 Bf3 31. Rd6 Qe7 32. Qb6 Rhg8 33.
Rf1 Bg2 34. Rfd1 Bf3 35. Rd7 Rg6 36. Qc7+ Ka7 37. Rxe7 Bxd1 38. Qxb7# 1-0

[Event "Campeonato del Mundo sub-20 2010 Fem."]
[Site "Chotowa-Czarna, Poland"]
[Date "2010.08.07"]
[Round "5.40"]
[White "Misovic, Sanja"]
[Black "Ferreira, Susana Carolina G"]
[Result "1-0"]
[WhiteElo "1907"]
[BlackElo "1726"]
[PlyCount "55"]
[EventDate "2010.08.03"]
[EventType "swiss"]
[EventRounds "13"]
[EventCountry "POL"]
[Source "lmi"]
[SourceDate "2010.08.03"]

1. d4 d5 2. c4 e6 3. Nc3 Nf6 4. Bg5 Be7 5. e3 O-O 6. Nf3 Nbd7 7. cxd5 exd5 8.
Bd3 Re8 9. Qc2 Nf8 10. h3 h6 11. Bh4 b6 12. O-O-O Be6 13. Kb1 N8d7 14. g4 c5
15. g5 hxg5 16. Bxg5 Qc8 17. Rdg1 c4 18. Bf5 Nf8 19. Bxe6 Qxe6 20. Ne5 Bd6 21.
Bxf6 Qxf6 22. Nxd5 Qd8 23. Nxf7 Kxf7 24. Qf5+ Kg8 25. Nf6+ Kf7 26. Rxg7+ Kxg7
27. Rg1+ Kf7 28. Nd5+ 1-0

[Event "Campeonato del Mundo sub-20 2010 Fem."]
[Site "Chotowa-Czarna, Poland"]
[Date "2010.08.09"]
[Round "6.1"]
[White "Ziaziulkina, Nastassia"]
[Black "Muzychuk, Anna"]
[Result "0-1"]
[WhiteElo "2293"]
[BlackElo "2527"]
[PlyCount "104"]
[EventDate "2010.08.03"]
[EventType "swiss"]
[EventRounds "13"]
[EventCountry "POL"]
[Source "lmi"]
[SourceDate "2010.08.03"]

1. e4 e5 2. Nf3 Nc6 3. Bb5 a6 4. Ba4 Nf6 5. O-O Be7 6. Re1 b5 7. Bb3 d6 8. c3
O-O 9. d4 Bg4 10. d5 Na5 11. Bc2 c6 12. h3 Bc8 13. dxc6 Qc7 14. Nbd2 Qxc6 15.
Nf1 Re8 16. Ng3 Be6 17. Ng5 Bd7 18. a4 Rec8 19. Nf3 b4 20. cxb4 Qxc2 21. bxa5
Rab8 22. Nd2 Bd8 23. b3 Bxa5 24. Nc4 Qxd1 25. Rxd1 Bc3 26. Ra3 Be6 27. Bd2 Bd4
28. Be3 Bxc4 29. bxc4 Rxc4 30. Bxd4 exd4 31. Rad3 Rbb4 32. a5 g6 33. f3 d5 34.
R1d2 dxe4 35. Nxe4 Nd5 36. Nd6 Rc6 37. Ne4 Nf4 38. Ra3 f5 39. Nf2 Rcc4 40. Kh2
Ra4 41. Rb3 Rcb4 42. Rxb4 Rxb4 43. Ra2 Kf7 44. g3 Ne6 45. Nd3 Rb3 46. Ne5+ Kf6
47. f4 g5 48. Nc6 gxf4 49. gxf4 d3 50. Rf2 Nc5 51. Rd2 Ne4 52. Rd1 Rb2+ 0-1

[Event "Campeonato del Mundo sub-20 2010 Fem."]
[Site "Chotowa-Czarna, Poland"]
[Date "2010.08.09"]
[Round "6.2"]
[White "Padmini, Rout"]
[Black "Girya, Olga"]
[Result "1-0"]
[WhiteElo "2275"]
[BlackElo "2376"]
[PlyCount "111"]
[EventDate "2010.08.03"]
[EventType "swiss"]
[EventRounds "13"]
[EventCountry "POL"]
[Source "lmi"]
[SourceDate "2010.08.03"]

1. e4 c6 2. d4 d5 3. e5 Bf5 4. h4 h6 5. g4 Bd7 6. Be3 e6 7. Nd2 c5 8. dxc5 Qc7
9. Ngf3 Bxc5 10. Bxc5 Qxc5 11. Nb3 Qb6 12. Bd3 Ne7 13. Qd2 Bb5 14. Bxb5+ Qxb5
15. Nfd4 Qb6 16. h5 Nbc6 17. f4 Nxd4 18. Qxd4 Nc6 19. Qd2 Rc8 20. a3 a5 21.
O-O-O Nxe5 22. fxe5 Qxb3 23. Kb1 Qa4 24. Rhg1 Rc4 25. b3 Qb5 26. g5 a4 27. b4
Rh4 28. gxh6 gxh6 29. Rh1 Rxh1 30. Rxh1 Qc4 31. Rg1 Qe4 32. Qc3 Qc4 33. Qe3 Kd7
34. Qf2 Rf8 35. Rg7 Kc6 36. Rxf7 Rxf7 37. Qxf7 d4 38. Qe8+ Kd5 39. Qxa4 Kxe5
40. Qa8 Qf1+ 41. Kb2 b5 42. Qh8+ Qf6 43. Qb8+ Ke4 44. Qxb5 d3+ 45. Kb3 dxc2 46.
Qe2+ Kd4 47. Qd2+ Ke4 48. Qxc2+ Kf3 49. b5 Qg5 50. Qd3+ Kf2 51. b6 e5 52. b7
Qg8+ 53. Qc4 Qd8 54. Qb4 Qg8+ 55. Kb2 Qb8 56. Qc5+ 1-0

[Event "Campeonato del Mundo sub-20 2010 Fem."]
[Site "Chotowa-Czarna, Poland"]
[Date "2010.08.09"]
[Round "6.3"]
[White "Pavlidou, Ekaterini"]
[Black "Ohme, Melanie"]
[Result "1/2-1/2"]
[WhiteElo "2182"]
[BlackElo "2326"]
[PlyCount "67"]
[EventDate "2010.08.03"]
[EventType "swiss"]
[EventRounds "13"]
[EventCountry "POL"]
[Source "lmi"]
[SourceDate "2010.08.03"]

1. d4 Nf6 2. c4 g6 3. Nc3 Bg7 4. e4 d6 5. Nf3 O-O 6. Be2 e5 7. Be3 Na6 8. O-O
Ng4 9. Bg5 Qe8 10. dxe5 dxe5 11. h3 h6 12. Bd2 Nf6 13. Be3 Qe7 14. Qc2 c6 15.
a3 Nh5 16. Rfd1 Nf4 17. Bf1 f5 18. Kh1 Nc5 19. b4 Nce6 20. c5 Nc7 21. Rd6 Ne8
22. Rad1 Be6 23. Bxf4 exf4 24. Ne2 Nxd6 25. cxd6 Qf7 26. Ned4 Kh7 27. Nxe6 Qxe6
28. e5 Qd7 29. Bc4 Rae8 30. Qe2 b5 31. Bb3 Rf6 32. Qa2 Rfe6 33. Qe2 Rf8 34.
Bxe6 1/2-1/2

[Event "Campeonato del Mundo sub-20 2010 Fem."]
[Site "Chotowa-Czarna, Poland"]
[Date "2010.08.09"]
[Round "6.4"]
[White "Muminova, Nafisa"]
[Black "Gosciniak, Maria"]
[Result "1-0"]
[WhiteElo "2290"]
[BlackElo "2149"]
[PlyCount "63"]
[EventDate "2010.08.03"]
[EventType "swiss"]
[EventRounds "13"]
[EventCountry "POL"]
[Source "lmi"]
[SourceDate "2010.08.03"]

1. d4 e6 2. e4 d5 3. Nc3 dxe4 4. Nxe4 Nf6 5. Nxf6+ Qxf6 6. Nf3 Qd8 7. Bd3 Be7
8. O-O Nd7 9. c4 c5 10. b3 cxd4 11. Nxd4 Bf6 12. Bb2 O-O 13. Qc2 g6 14. Rad1
Nc5 15. Be2 Bd7 16. b4 Na4 17. Nc6 bxc6 18. Rxd7 Qxd7 19. Bxf6 e5 20. Qxa4 Qe6
21. Bg5 Kg7 22. Qb3 h6 23. Bc1 Rfd8 24. Qe3 g5 25. Bb2 Re8 26. f4 f6 27. fxe5
fxe5 28. Bd3 Re7 29. Rf5 Rae8 30. Rxe5 Qxe5 31. Bxe5+ Rxe5 32. Qxa7+ 1-0

[Event "Campeonato del Mundo sub-20 2010 Fem."]
[Site "Chotowa-Czarna, Poland"]
[Date "2010.08.09"]
[Round "6.5"]
[White "Melekhina, Alisa"]
[Black "Nakhbayeva, Guliskhan"]
[Result "0-1"]
[WhiteElo "2265"]
[BlackElo "2216"]
[PlyCount "100"]
[EventDate "2010.08.03"]
[EventType "swiss"]
[EventRounds "13"]
[EventCountry "POL"]
[Source "lmi"]
[SourceDate "2010.08.03"]

1. e4 e6 2. d3 d5 3. Nd2 c5 4. g3 Nc6 5. Bg2 g6 6. Ne2 Bg7 7. O-O Nge7 8. c3
O-O 9. Nb3 b6 10. d4 cxd4 11. exd5 Nxd5 12. Nbxd4 Nxd4 13. Nxd4 Ba6 14. Re1 Qd7
15. Nc2 Rad8 16. Bg5 f6 17. Bh3 Rde8 18. Nb4 fxg5 19. Nxa6 Qf7 20. Qe2 e5 21.
Rad1 Kh8 22. Bg2 Nf6 23. Nb4 e4 24. a3 g4 25. Qc2 a5 26. Nc6 Bh6 27. Kh1 Qc4
28. Nd4 Re5 29. Qe2 Qc5 30. Nc2 Bg7 31. Ne3 h5 32. Qc4 Qe7 33. Kg1 Nh7 34. Qc6
Re6 35. Qd7 Qf6 36. Re2 Ng5 37. Nd5 Qe5 38. Nf4 Rxf4 39. gxf4 Qxf4 40. Qc8+ Kh7
41. Qd7 Nf3+ 42. Bxf3 gxf3 43. Qxe6 fxe2 44. Rb1 Be5 45. Qd7+ Kh6 46. Qh3 Qf3
47. Qc8 Qd3 48. Qf8+ Kh7 49. Qe7+ Bg7 50. Ra1 Qf3 0-1

[Event "Campeonato del Mundo sub-20 2010 Fem."]
[Site "Chotowa-Czarna, Poland"]
[Date "2010.08.09"]
[Round "6.6"]
[White "Bhakti, Kulkarni Pradip"]
[Black "Mammadova, Gulnar Marfat"]
[Result "0-1"]
[WhiteElo "2249"]
[BlackElo "2260"]
[PlyCount "70"]
[EventDate "2010.08.03"]
[EventType "swiss"]
[EventRounds "13"]
[EventCountry "POL"]
[Source "lmi"]
[SourceDate "2010.08.03"]

1. d4 Nf6 2. Nf3 g6 3. c4 Bg7 4. Nc3 d5 5. cxd5 Nxd5 6. e4 Nxc3 7. bxc3 O-O 8.
Be2 c5 9. O-O Nc6 10. d5 Ne5 11. Nxe5 Bxe5 12. Qc2 e6 13. dxe6 Bxe6 14. f4 Bc7
15. Be3 Qe7 16. Bf3 f6 17. c4 Rfe8 18. Qc3 Rad8 19. Rfe1 Bd7 20. g3 Bc6 21. Bf2
g5 22. e5 fxe5 23. Bh5 Rf8 24. fxe5 Qe6 25. Be2 Bxe5 26. Qe3 Qf6 27. Bg4 Bxa1
28. Qe6+ Qxe6 29. Bxe6+ Kg7 30. Rxa1 Rd2 31. Rf1 Be4 32. Re1 Rfxf2 33. Rxe4
Rfe2 34. Rxe2 Rxe2 35. Bd5 Rxa2 0-1

[Event "Campeonato del Mundo sub-20 2010 Fem."]
[Site "Chotowa-Czarna, Poland"]
[Date "2010.08.09"]
[Round "6.7"]
[White "Tsirulnik, Maritsa"]
[Black "Guramishvili, Sopiko"]
[Result "0-1"]
[WhiteElo "2153"]
[BlackElo "2298"]
[PlyCount "86"]
[EventDate "2010.08.03"]
[EventType "swiss"]
[EventRounds "13"]
[EventCountry "POL"]
[Source "lmi"]
[SourceDate "2010.08.03"]

1. d4 Nf6 2. Nf3 e6 3. c4 d5 4. g3 dxc4 5. Bg2 a6 6. Ne5 c5 7. Na3 cxd4 8.
Naxc4 Bc5 9. O-O O-O 10. Qb3 Nd5 11. Nd3 Ba7 12. Nf4 Nc6 13. Nxd5 exd5 14. Na3
Qe7 15. Re1 Be6 16. Bxd5 Bxd5 17. Qxd5 Rad8 18. Qg5 f6 19. Qf4 Rfe8 20. Bd2 Qf7
21. Qf5 Kh8 22. b3 Rd5 23. Qh3 d3 24. exd3 Ne5 25. Qg2 Rxd3 26. Be3 Bxe3 27.
Rxe3 Rxe3 28. fxe3 Qc7 29. Rd1 h6 30. Nc2 Qc3 31. Qe2 Qc6 32. Ne1 Rc8 33. h3
Qe6 34. Kh2 Rc3 35. Ng2 Qc6 36. Ne1 Qe4 37. Qg2 Qxe3 38. Rd8+ Kh7 39. Rd1 f5
40. Ra1 f4 41. gxf4 Qxf4+ 42. Kh1 Rg3 43. Qc2+ Ng6 0-1

[Event "Campeonato del Mundo sub-20 2010 Fem."]
[Site "Chotowa-Czarna, Poland"]
[Date "2010.08.09"]
[Round "6.8"]
[White "Iwanow, Anna"]
[Black "Abdulla, Khayala Mardan"]
[Result "1/2-1/2"]
[WhiteElo "2097"]
[BlackElo "2193"]
[PlyCount "78"]
[EventDate "2010.08.03"]
[EventType "swiss"]
[EventRounds "13"]
[EventCountry "POL"]
[Source "lmi"]
[SourceDate "2010.08.03"]

1. e4 c5 2. Nf3 e6 3. d4 cxd4 4. Nxd4 a6 5. Bd3 Nf6 6. O-O Qc7 7. Qe2 d6 8. c4
g6 9. Nc3 Bg7 10. Nf3 O-O 11. h3 Nc6 12. Be3 Nd7 13. Rac1 Nce5 14. Rfd1 b6 15.
b3 Bb7 16. Nxe5 Nxe5 17. Na4 Nd7 18. b4 Bc6 19. Nc3 Rfc8 20. Nb5 Qb8 21. Nd4
Bb7 22. Nb3 Bf8 23. Bb1 Qc7 24. f4 Rab8 25. Qd2 Rd8 26. a4 Bc6 27. a5 Qb7 28.
Qd3 b5 29. Nd4 Ne5 30. fxe5 dxe5 31. Qf1 exd4 32. Bxd4 Bg7 33. Bxg7 Kxg7 34. e5
Qe7 35. c5 Bd5 36. Qf4 Qb7 37. Qf6+ Kg8 38. Rd2 Rd7 39. Rcd1 Rbd8 1/2-1/2

[Event "Campeonato del Mundo sub-20 2010 Fem."]
[Site "Chotowa-Czarna, Poland"]
[Date "2010.08.09"]
[Round "6.9"]
[White "Severiukhina, Zoja"]
[Black "Adamowicz, Katarzyna"]
[Result "1-0"]
[WhiteElo "2341"]
[BlackElo "2123"]
[PlyCount "81"]
[EventDate "2010.08.03"]
[EventType "swiss"]
[EventRounds "13"]
[EventCountry "POL"]
[Source "lmi"]
[SourceDate "2010.08.03"]

1. e4 e5 2. Nf3 Nc6 3. Bb5 a6 4. Ba4 Nf6 5. O-O Be7 6. Re1 b5 7. Bb3 d6 8. c3
O-O 9. h3 Nb8 10. d4 Nbd7 11. Nbd2 Bb7 12. Bc2 Re8 13. Nf1 Bf8 14. Ng3 g6 15.
Bg5 h6 16. Bd2 c5 17. d5 c4 18. b4 cxb3 19. axb3 Nc5 20. Qe2 Qc7 21. Rec1 Reb8
22. b4 Ncd7 23. Bd3 Nb6 24. Be3 Nfd7 25. Nd2 Rc8 26. Nb3 f5 27. exf5 Bxd5 28.
Nd2 g5 29. h4 Be7 30. hxg5 hxg5 31. Qg4 e4 32. Bxe4 Ne5 33. Bxb6 Bxe4 34. Qh5
Qxb6 35. Ndxe4 Qd8 36. Rd1 d5 37. f6 Bxf6 38. Rxd5 Qe7 39. Nf5 Qe6 40. Nh6+ Kg7
41. Rd6 1-0

[Event "Campeonato del Mundo sub-20 2010 Fem."]
[Site "Chotowa-Czarna, Poland"]
[Date "2010.08.09"]
[Round "6.10"]
[White "Nemcova, Katerina"]
[Black "Newrkla, Katharina"]
[Result "1/2-1/2"]
[WhiteElo "2282"]
[BlackElo "2105"]
[PlyCount "59"]
[EventDate "2010.08.03"]
[EventType "swiss"]
[EventRounds "13"]
[EventCountry "POL"]
[Source "lmi"]
[SourceDate "2010.08.03"]

1. e4 c5 2. Nf3 d6 3. d4 cxd4 4. Nxd4 Nf6 5. Nc3 a6 6. Be3 e5 7. Nb3 Be6 8. f4
exf4 9. Bxf4 Nc6 10. Qe2 Rc8 11. h3 Nb4 12. a3 Nh5 13. axb4 Nxf4 14. Qf2 Bxb3
15. cxb3 Qf6 16. Kd2 d5 17. exd5 Bxb4 18. Re1+ Kf8 19. Bc4 Nxd5 20. Qg3 Nxc3
21. bxc3 b5 22. cxb4 bxc4 23. bxc4 Qb2+ 24. Ke3 Re8+ 25. Kf3 Qc3+ 26. Kf2 Qd4+
27. Kf3 Qd3+ 28. Kf2 Qd4+ 29. Kf3 Qd3+ 30. Kf2 1/2-1/2

[Event "Campeonato del Mundo sub-20 2010 Fem."]
[Site "Chotowa-Czarna, Poland"]
[Date "2010.08.09"]
[Round "6.11"]
[White "Corke, Anya"]
[Black "Forestier, Carole"]
[Result "1-0"]
[WhiteElo "2257"]
[BlackElo "2103"]
[PlyCount "49"]
[EventDate "2010.08.03"]
[EventType "swiss"]
[EventRounds "13"]
[EventCountry "POL"]
[Source "lmi"]
[SourceDate "2010.08.03"]

1. d4 d5 2. c4 e6 3. Nc3 c6 4. e3 f5 5. Bd3 Nf6 6. Nge2 Bd6 7. Qc2 Ne4 8. g3
O-O 9. f3 Ng5 10. Rf1 Kh8 11. Bd2 a5 12. Kf2 e5 13. dxe5 Bxe5 14. cxd5 cxd5 15.
Nf4 d4 16. Nce2 Nc6 17. a3 Ne6 18. Rad1 dxe3+ 19. Bxe3 Ncd4 20. Bxd4 Nxd4 21.
Qc5 Nxe2 22. Bxe2 Qe8 23. Bb5 Bb8 24. Bxe8 Ba7 25. Qxa7 1-0

[Event "Campeonato del Mundo sub-20 2010 Fem."]
[Site "Chotowa-Czarna, Poland"]
[Date "2010.08.09"]
[Round "6.12"]
[White "Labedz, Patrycja"]
[Black "Skinke, Katrina"]
[Result "1/2-1/2"]
[WhiteElo "2076"]
[BlackElo "2237"]
[PlyCount "83"]
[EventDate "2010.08.03"]
[EventType "swiss"]
[EventRounds "13"]
[EventCountry "POL"]
[Source "lmi"]
[SourceDate "2010.08.03"]

1. e4 d6 2. d4 Nf6 3. Nc3 g6 4. Be3 Bg7 5. f3 c6 6. Qd2 Nbd7 7. O-O-O Qc7 8. g4
h6 9. h4 b5 10. Nh3 Nb6 11. Bd3 Bb7 12. g5 hxg5 13. Nxg5 Nh7 14. f4 Nxg5 15.
hxg5 O-O-O 16. Rxh8 Rxh8 17. e5 e6 18. Ne4 d5 19. Nc5 Bf8 20. b3 Nd7 21. Qg2
Qa5 22. Kb2 Nxc5 23. dxc5 b4 24. Qf2 Be7 25. Be2 Ba6 26. Bf3 Kd7 27. Bd4 Rb8
28. Kb1 Rh8 29. Bg4 Bb5 30. Bf3 Ba6 31. Bg4 Qc7 32. Bf3 Bb5 33. Kb2 a5 34. Qd2
Qa7 35. Bxd5 Kc7 36. Bf3 Bxc5 37. Bxc5 Qxc5 38. Be4 Kb6 39. Rc1 Kc7 40. Rd1 Kb6
41. Rc1 Kc7 42. Rd1 1/2-1/2

[Event "Campeonato del Mundo sub-20 2010 Fem."]
[Site "Chotowa-Czarna, Poland"]
[Date "2010.08.09"]
[Round "6.13"]
[White "Kulon, Klaudia"]
[Black "Uta, Adeline-Ramona"]
[Result "1-0"]
[WhiteElo "2230"]
[BlackElo "2099"]
[PlyCount "53"]
[EventDate "2010.08.03"]
[EventType "swiss"]
[EventRounds "13"]
[EventCountry "POL"]
[Source "lmi"]
[SourceDate "2010.08.03"]

1. e4 c5 2. Nf3 d6 3. d4 cxd4 4. Nxd4 Nf6 5. Nc3 g6 6. Be3 Bg7 7. f3 O-O 8. Qd2
Nc6 9. Bc4 Bd7 10. O-O-O Rc8 11. Bb3 Ne5 12. Kb1 Re8 13. h4 h5 14. Bg5 Rc5 15.
f4 Nc4 16. Qd3 Ng4 17. Bxc4 Nf2 18. Qe2 Nxh1 19. Bb3 Qb6 20. f5 gxf5 21. Qxh5
e6 22. Bh6 Bf6 23. Nxf5 Nf2 24. Bg5 Rxf5 25. exf5 Nxd1 26. Bxf6 Nxc3+ 27. bxc3
1-0

[Event "Campeonato del Mundo sub-20 2010 Fem."]
[Site "Chotowa-Czarna, Poland"]
[Date "2010.08.09"]
[Round "6.14"]
[White "Osmanodja, Filiz"]
[Black "Toth, Sarolta"]
[Result "0-1"]
[WhiteElo "2061"]
[BlackElo "2207"]
[PlyCount "118"]
[EventDate "2010.08.03"]
[EventType "swiss"]
[EventRounds "13"]
[EventCountry "POL"]
[Source "lmi"]
[SourceDate "2010.08.03"]

1. e4 e5 2. Nf3 Nc6 3. Bb5 Nf6 4. O-O Nxe4 5. d4 Nd6 6. Bxc6 dxc6 7. dxe5 Nf5
8. Qxd8+ Kxd8 9. Nc3 Ne7 10. b3 Ng6 11. Bb2 a5 12. a4 h6 13. h3 Bb4 14. Ne2 Ke7
15. Ng3 Rd8 16. c3 Bc5 17. Ne4 Ba7 18. c4 Kf8 19. Bc3 Bf5 20. Ng3 Bc2 21. Bxa5
Bb6 22. Bb4+ c5 23. Bc3 Ba5 24. Bxa5 Rxa5 25. Ra3 Bd1 26. Re1 Rd3 27. Re3 Rxe3
28. fxe3 Bxf3 29. gxf3 Nxe5 30. f4 Nc6 31. Ra1 Ra8 32. Rd1 Ke7 33. Ne4 b6 34.
Nc3 Nb4 35. e4 c6 36. e5 Rd8 37. Rxd8 Kxd8 38. Kg2 Nd3 39. Ne2 g5 40. Kf3 gxf4
41. Ke4 Nf2+ 42. Kxf4 Nxh3+ 43. Kf5 Ke7 44. Ng3 Ng5 45. Nh5 Nf3 46. Nf6 Nd4+
47. Kf4 Nxb3 48. Ng8+ Ke6 49. Nxh6 Nd2 50. Ng4 Nxc4 51. Ke4 Nb2 52. Ne3 Nxa4
53. Nc4 b5 54. Na5 b4 55. Nb3 Nc3+ 56. Kf4 c4 57. Nd4+ Kd5 58. Nc2 b3 59. Ne3+
Kc5 0-1

[Event "Campeonato del Mundo sub-20 2010 Fem."]
[Site "Chotowa-Czarna, Poland"]
[Date "2010.08.09"]
[Round "6.15"]
[White "Rysbayeva, Nazerke"]
[Black "Warakomska, Anna"]
[Result "0-1"]
[WhiteElo "2052"]
[BlackElo "2192"]
[PlyCount "158"]
[EventDate "2010.08.03"]
[EventType "swiss"]
[EventRounds "13"]
[EventCountry "POL"]
[Source "lmi"]
[SourceDate "2010.08.03"]

1. d4 d5 2. Nf3 c6 3. c4 e6 4. Qc2 dxc4 5. Qxc4 Nf6 6. g3 b5 7. Qc2 Bb7 8. Bg2
Be7 9. O-O Nbd7 10. Rd1 Rc8 11. Qb3 O-O 12. Nc3 b4 13. Na4 Qa5 14. a3 c5 15.
dxc5 Nxc5 16. Nxc5 Bxc5 17. Be3 Bd5 18. Qd3 Be4 19. Qd2 Qb6 20. Bxc5 Rxc5 21.
axb4 Rc4 22. Qd6 Rxb4 23. Rxa7 Qxd6 24. Rxd6 Rxb2 25. Nd2 Bxg2 26. Kxg2 h6 27.
Nc4 Rxe2 28. Rd2 Rxd2 29. Nxd2 Rc8 30. Nf3 Ne4 31. Ne5 f6 32. Nd3 e5 33. h4 h5
34. Kf3 Rc4 35. Ke3 Nd6 36. Ra6 Nf5+ 37. Kd2 Kf7 38. Rb6 Nd4 39. Rb2 Ke6 40.
Ne1 Kf5 41. Rb7 g6 42. Rb6 Ra4 43. Ng2 Ra2+ 44. Kd3 Ra3+ 45. Kc4 Rf3 46. Ne3+
Ke4 47. Nd1 Ne2 48. Rb2 Ng1 49. Ra2 Nh3 50. Re2+ Kf5 51. Ra2 g5 52. hxg5 fxg5
53. Ra8 Kg6 54. Ra6+ Rf6 55. Ra2 h4 56. Kd5 Rf8 57. Ke4 hxg3 58. fxg3 Rf1 59.
Ne3 Re1 60. Kf3 Kh5 61. Rh2 g4+ 62. Ke4 Kg5 63. Kd3 Rg1 64. Rg2 Rxg2 65. Nxg2
Nf2+ 66. Kc4 Kf5 67. Ne3+ Ke4 68. Nf1 Kf3 69. Kd5 e4 70. Kd4 Ke2 71. Ne3 Kf3
72. Nf1 Kg2 73. Nd2 Kxg3 74. Ke3 Kg2 75. Kf4 g3 76. Nc4 Kh2 77. Ne3 g2 78. Nxg2
Kxg2 79. Ke3 Kf1 0-1

[Event "Campeonato del Mundo sub-20 2010 Fem."]
[Site "Chotowa-Czarna, Poland"]
[Date "2010.08.09"]
[Round "6.16"]
[White "Nesterovskaya, Anzhelika"]
[Black "Heredia Serrano, Carla Sofia"]
[Result "0-1"]
[WhiteElo "2177"]
[BlackElo "2080"]
[PlyCount "106"]
[EventDate "2010.08.03"]
[EventType "swiss"]
[EventRounds "13"]
[EventCountry "POL"]
[Source "lmi"]
[SourceDate "2010.08.03"]

1. e4 c6 2. d4 d5 3. Nc3 dxe4 4. Nxe4 Bf5 5. Ng3 Bg6 6. h4 h6 7. Nf3 Nd7 8. h5
Bh7 9. Bd3 Bxd3 10. Qxd3 e6 11. Bf4 Qa5+ 12. Bd2 Bb4 13. c3 Be7 14. c4 Qc7 15.
O-O-O b5 16. c5 Ngf6 17. Rde1 O-O 18. Nf5 exf5 19. Rxe7 Ne4 20. Rh3 Ndxc5 21.
Qxe4 fxe4 22. Rxc7 Ne6 23. Rxc6 exf3 24. Be3 fxg2 25. Rg3 Rfd8 26. Rxg2 Nxd4
27. Rc5 Ne6 28. Rc2 Kf8 29. b3 a6 30. f4 Rd5 31. Rh2 Rad8 32. Rc6 a5 33. Ra6 b4
34. Rf2 Nc5 35. Bxc5+ Rxc5+ 36. Kb2 Rcd5 37. Rc2 Rxh5 38. a3 bxa3+ 39. Kxa3 g6
40. Rc4 Kg7 41. Ka4 Rdd5 42. Re4 Rhf5 43. b4 axb4 44. Kxb4 Rd1 45. Kc3 Rc5+ 46.
Kb2 Rd7 47. Rb4 Rdc7 48. Rd6 Rc4 49. Kb3 Rxb4+ 50. Kxb4 Re7 51. Rd4 Kf6 52. Kc3
Kf5 53. Kd3 h5 0-1

[Event "Campeonato del Mundo sub-20 2010 Fem."]
[Site "Chotowa-Czarna, Poland"]
[Date "2010.08.09"]
[Round "6.17"]
[White "Exler, Veronika"]
[Black "Zmarzly, Aleksandra"]
[Result "1-0"]
[WhiteElo "2143"]
[BlackElo "2026"]
[PlyCount "111"]
[EventDate "2010.08.03"]
[EventType "swiss"]
[EventRounds "13"]
[EventCountry "POL"]
[Source "lmi"]
[SourceDate "2010.08.03"]

1. d4 Nf6 2. c4 e6 3. Nf3 c5 4. e3 d5 5. Nc3 Nc6 6. cxd5 exd5 7. Bb5 a6 8. Be2
c4 9. Ne5 Qc7 10. f4 Be7 11. Bf3 O-O 12. Bxd5 Nxd5 13. Nxd5 Qa5+ 14. Nc3 Nxe5
15. fxe5 b5 16. O-O b4 17. Ne2 Bb7 18. Bd2 Qb5 19. Ng3 g6 20. e4 Bh4 21. Qg4
Bxg3 22. hxg3 c3 23. bxc3 bxc3 24. Bh6 Qd3 25. Rad1 Qxe4 26. Qxe4 Bxe4 27. Bxf8
Rxf8 28. Rc1 c2 29. Rfe1 Bd3 30. Re3 Rb8 31. Kf2 Rb1 32. Ree1 Rb2 33. Ke3 Bf5
34. Kd2 h5 35. a3 Kf8 36. Rf1 Ke7 37. Kc3 Rb1 38. d5 Kd7 39. Rxf5 Rxc1 40.
Rxf7+ Ke8 41. Rf6 a5 42. Rxg6 Rd1 43. Kxc2 Rxd5 44. Rg5 Kf7 45. Kc3 a4 46. Kb4
Rd4+ 47. Kb5 h4 48. gxh4 Rxh4 49. g4 Ke6 50. Kxa4 Rh1 51. Kb5 Rb1+ 52. Ka5 Rb2
53. a4 Ra2 54. Kb5 Rb2+ 55. Ka6 Rb4 56. a5 1-0